00709cam a22002053a 450000100060000000300060000600500170001200800410002904000150007004200070008505000070009210000510009924501570015026000290030750600300033651600200036665300460038683000290043285600420046124296PGUSA20140828083523.0080115s2008||||xxu|||||s|||||000 | eng d aPGUSAbeng adc 4aDA1 aRedmond-Howard, L. G.,q(Louis George),d1884-10aSix days of the Irish Republic :bA Narrative and Critical Account of the Latest Phase of Irish Politicsh[electronic resource] /cL. G., Redmond-Howard bProject Gutenberg,c2008 aPublic domain in the USA. aElectronic text aIreland -- History -- Easter Rising, 1916 0aProject Gutenbergv2429640uhttp://www.gutenberg.org/ebooks/24296